000 00748nam a22002777a 4500
001 BR9600930
003 BR-BrBNA
005 20230928095211.0
007 ta
008 230509b bl.||||| |||| 00| 0 por d
040 _aBR-BrBNA
_bpor
_cBiblioteca Nacional de Agricultura
041 _a(Por)
072 _aL01
_b5212
_b9410
090 _ 5212 BR9600930
110 1 _aAssociacao de Credito e Assistencia Rural do Parana, Curitiba (Brasil)
245 1 _aPrograma importacao de bezerras do Canada (SEAG)
260 3 _aCuritiba, PR (Brasil):
_c[nd].
300 _a17 p.
500 _a7 tables
650 _aBezerro
650 _aLeite
650 _aMercado
650 _aProducao
909 _a202309
_bLucia
_c55
_dLucia Elande
942 _cBK
999 _c55140
_d55140